Discovering statistics using R.

"An entertaining and foundational manual on how to use R to solve statistical problems. Discovering Statistics Using R uses an irreverent and innovative approach to explain how students can use R to approach statistical problems. It introduces readers to the software environment of R and shows...

Disgrifiad llawn

Wedi'i Gadw mewn:
Manylion Llyfryddiaeth
Prif Awduron: Field, Andy (Awdur), Miles, Jeremy (Awdur), Field, Zoë (Awdur)
Fformat: Llyfr
Iaith:Saesneg
Cyhoeddwyd: London, England: SAGE Publications Ltd, 2012.
Pynciau:
Tagiau: Ychwanegu Tag
Dim Tagiau, Byddwch y cyntaf i dagio'r cofnod hwn!

MARC

LEADER 00000cam a22000008i 4500
001 22360271
003 CL-VaPUC
005 20250107103625.0
008 211223s2022 cau b 001 0 eng
999 |c 445898  |d 445896 
010 |a  2021055450 
020 |a 978-1-4462-0045-2  |q (paperback) 
040 |a DLC  |b eng  |e rda  |c Pontificia Universidad Católica de Valparaíso 
050 0 0 |a QA276.45.R3  |b F54 2022 
082 0 0 |a 519.5 FIE 2012  |2 23/eng/20211223 
100 1 |a Field, Andy,  |e author.  |9 864349 
245 1 0 |a Discovering statistics using R. 
260 |a London, England:  |b SAGE Publications Ltd,   |c 2012. 
300 |a xxxiii, 957 páginas :  |b ilustraciones. 
504 |a Includes bibliographical references and index. 
520 |a "An entertaining and foundational manual on how to use R to solve statistical problems. Discovering Statistics Using R uses an irreverent and innovative approach to explain how students can use R to approach statistical problems. It introduces readers to the software environment of R and shows how it can be used in the field of statistics. The authors understand that using R and concepts of statistics can be difficult to access and so use humour and extremely informal and conversational language to ease comprehension. It uses multiple engaging examples as well as easy problems to ensure that the concepts of the software as well as the statistical concepts can be easily digested by the readers. Given this book's accessibility, fun spirit, and use of bizarre real-world research it should be essential for anyone wanting to learn about statistics using the freely-available R software. KEY FEATURES: Detailed introduction to the software environment of R guides the reader through how to use it. Relates theory to the real world to help students think about how the software can be applied to real research problems Humorous and accessible language that simplify complex concepts and processes Numerous problems and examples that test the readers understanding of the subject"--  |c Provided by publisher. 
583 |c 20250107 
650 0 |a Estadísticas   |x Procesamiento de datos  |9 877491 
650 0 |a R (Lenguaje de programación)  |9 858460 
700 1 |a Miles, Jeremy,  |e author.  |9 895095 
700 1 |a Field, Zoë,  |e author.  |9 895096 
942 |2 ddc  |c BK 
952 |0 0  |1 0  |2 ddc  |4 0  |6 519_500000000000000_FIE_2012  |7 0  |8 A  |9 598844  |a BIBCUR  |b BIBCUR  |d 2025-01-06  |e 3  |g 102614.50  |i 5663795  |o 519.5 FIE 2012  |p 5663795  |r 2025-04-22  |t 1  |v 102614.50  |w 2025-01-06  |y BK  |k TEM 
952 |0 0  |1 0  |2 ddc  |4 0  |6 519_500000000000000_FIE_2012  |7 0  |8 A  |9 598845  |a BIBCUR  |b BIBCUR  |d 2025-01-06  |e 3  |g 102614.50  |i 5663796  |o 519.5 FIE 2012  |p 5663796  |r 2025-04-22  |t 2  |v 102614.50  |w 2025-01-06  |y BK  |k TEM